<?xml version="1.0" encoding="UTF-8"?>
<record
    xmlns:xsi="http://www.w3.org/2001/XMLSchema-instance"
    xsi:schemaLocation="http://www.loc.gov/MARC21/slim http://www.loc.gov/standards/marcxml/schema/MARC21slim.xsd"
    xmlns="http://www.loc.gov/MARC21/slim">

  <leader>00313nam a22000977a 4500</leader>
  <controlfield tag="008">150327b        xxu||||| |||| 00| 0 eng d</controlfield>
  <datafield tag="020" ind1=" " ind2=" ">
    <subfield code="a">978160805612</subfield>
    <subfield code="c">Available</subfield>
  </datafield>
  <datafield tag="082" ind1=" " ind2=" ">
    <subfield code="a">616.99REH</subfield>
    <subfield code="b">002840</subfield>
  </datafield>
  <datafield tag="245" ind1=" " ind2=" ">
    <subfield code="a">Topics in Anti-Cancer Research (Vol:1)</subfield>
    <subfield code="c">Rahman-Atta-Ur</subfield>
    <subfield code="h">English</subfield>
  </datafield>
  <datafield tag="260" ind1=" " ind2=" ">
    <subfield code="a">USA</subfield>
    <subfield code="b">Bentham Science Publisher</subfield>
    <subfield code="c">2014</subfield>
  </datafield>
  <datafield tag="999" ind1=" " ind2=" ">
    <subfield code="c">24759</subfield>
    <subfield code="d">24759</subfield>
  </datafield>
  <datafield tag="952" ind1=" " ind2=" ">
    <subfield code="0">0</subfield>
    <subfield code="1">0</subfield>
    <subfield code="2">ddc</subfield>
    <subfield code="4">0</subfield>
    <subfield code="5">1</subfield>
    <subfield code="7">1</subfield>
    <subfield code="a">CL</subfield>
    <subfield code="b">CL</subfield>
    <subfield code="c">DISPLAY</subfield>
    <subfield code="d">2015-03-27</subfield>
    <subfield code="l">0</subfield>
    <subfield code="o">616.99REH </subfield>
    <subfield code="p">RCMS002840</subfield>
    <subfield code="r">2015-03-27</subfield>
    <subfield code="w">2015-03-27</subfield>
    <subfield code="y">BK</subfield>
  </datafield>
</record>
